Annual report, 1959-60 (Record no. 24765)

MARC details
000 -LEADER
fixed length control field 00379nam a2200145Ia 4500
005 - DATE AND TIME OF LATEST TRANSACTION
control field 20240821151441.0
008 - FIXED-LENGTH DATA ELEMENTS--GENERAL INFORMATION
fixed length control field 240821s9999||||xx |||||||||||||| ||und||
082 ## - DEWEY DECIMAL CLASSIFICATION NUMBER
Classification number 370.954 IND
100 ## - MAIN ENTRY--PERSONAL NAME
Personal name Ministry of Education, New Delhi India
245 #0 - TITLE STATEMENT
Title Annual report, 1959-60
260 ## - PUBLICATION, DISTRIBUTION, ETC.
Place of publication, distribution, etc. New Delhi
Name of publisher, distributor, etc. Ministry of Education
Date of publication, distribution, etc. 196
300 ## - PHYSICAL DESCRIPTION
Extent 141p
650 ## - SUBJECT ADDED ENTRY--TOPICAL TERM
Topical term or geographic name entry element Education
942 ## - ADDED ENTRY ELEMENTS (KOHA)
Koha item type Book

No items available.